<?xml version="1.0" encoding="UTF-8"?>
<collection xmlns="http://www.loc.gov/MARC21/slim">
 <record>
  <leader>02826nam a22004931i 4500</leader>
  <controlfield tag="001">000708107</controlfield>
  <controlfield tag="003">CaToSAGE</controlfield>
  <controlfield tag="005">20240202172917.0</controlfield>
  <controlfield tag="005">20200625113122.4</controlfield>
  <controlfield tag="006">m|||||o||d||||||||</controlfield>
  <controlfield tag="007">cr |||||||||||</controlfield>
  <controlfield tag="008">200625s2020    enka   fob    001 0 eng d</controlfield>
  <datafield tag="STA" ind1=" " ind2=" ">
   <subfield code="a">NEZPRACOVANÝ IMPORT</subfield>
  </datafield>
  <datafield tag="020" ind1=" " ind2=" ">
   <subfield code="a">9781529741100 (ebook) :</subfield>
   <subfield code="c">No price</subfield>
  </datafield>
  <datafield tag="035" ind1=" " ind2=" ">
   <subfield code="a">(OCoLC)1162854568</subfield>
  </datafield>
  <datafield tag="040" ind1=" " ind2=" ">
   <subfield code="a">CaToSAGE</subfield>
   <subfield code="b">eng</subfield>
   <subfield code="c">CaToSAGE</subfield>
   <subfield code="e">rda</subfield>
   <subfield code="e">pn</subfield>
   <subfield code="d">UtOrBLW</subfield>
  </datafield>
  <datafield tag="043" ind1=" " ind2=" ">
   <subfield code="a">n us</subfield>
  </datafield>
  <datafield tag="050" ind1=" " ind2="4">
   <subfield code="a">HE5620.R53</subfield>
   <subfield code="b">H36 2020</subfield>
  </datafield>
  <datafield tag="082" ind1="0" ind2="4">
   <subfield code="a">388.413212</subfield>
  </datafield>
  <datafield tag="100" ind1="1" ind2=" ">
   <subfield code="a">Hambrick, Marion E.,</subfield>
   <subfield code="e">author.</subfield>
  </datafield>
  <datafield tag="245" ind1="1" ind2="0">
   <subfield code="a">Evaluating the rise of electric scooters through Porter's Five Forces framework /</subfield>
   <subfield code="c">Marion E. Hambrick, Addison M. Pond.</subfield>
  </datafield>
  <datafield tag="264" ind1=" " ind2="1">
   <subfield code="a">London :</subfield>
   <subfield code="b">SAGE Publications: SAGE Business Cases Originals,</subfield>
   <subfield code="c">2020.</subfield>
  </datafield>
  <datafield tag="300" ind1=" " ind2=" ">
   <subfield code="a">1 online resource :</subfield>
   <subfield code="b">illustrations.</subfield>
  </datafield>
  <datafield tag="336" ind1=" " ind2=" ">
   <subfield code="a">text</subfield>
   <subfield code="b">txt</subfield>
   <subfield code="2">rdacontent</subfield>
  </datafield>
  <datafield tag="337" ind1=" " ind2=" ">
   <subfield code="a">computer</subfield>
   <subfield code="b">c</subfield>
   <subfield code="2">rdamedia</subfield>
  </datafield>
  <datafield tag="338" ind1=" " ind2=" ">
   <subfield code="a">online resource</subfield>
   <subfield code="b">cr</subfield>
   <subfield code="2">rdacarrier</subfield>
  </datafield>
  <datafield tag="490" ind1="1" ind2=" ">
   <subfield code="a">SAGE Business Cases</subfield>
  </datafield>
  <datafield tag="504" ind1=" " ind2=" ">
   <subfield code="a">Includes bibliographical references and index.</subfield>
  </datafield>
  <datafield tag="520" ind1="8" ind2=" ">
   <subfield code="a">In September 2017, electric scooter ride-sharing company Bird introduced its &quot;last-mile&quot; transportation option. Competitors Lime, Spin, Scoot, and Jump, among others, followed Bird and entered the market, and the demand for scooter ride-sharing services grew exponentially within the United States during a 12-month period. The companies received sizeable investments from venture capitalists and other investors, but also faced market challenges with a growing number of competitors, changing consumer sentiments, and increasing government regulations in cities across the nation. The Porter's Five Forces framework helps to strategically assess markets by identifying and understanding threats from new entrants and substitutes, the bargaining power of suppliers and buyers, and industry competition. This case study outlines the history of the scooter ride-sharing trend and asks readers to use the Porter's Five Forces framework to evaluate the market and factors influencing the future of this &quot;micro-mobility&quot; transportation sector.</subfield>
  </datafield>
  <datafield tag="588" ind1=" " ind2=" ">
   <subfield code="a">Description based on XML content.</subfield>
  </datafield>
  <datafield tag="655" ind1=" " ind2="7">
   <subfield code="a">elektronické knihy</subfield>
   <subfield code="7">fd186907</subfield>
   <subfield code="2">czenas</subfield>
  </datafield>
  <datafield tag="655" ind1=" " ind2="9">
   <subfield code="a">electronic books</subfield>
   <subfield code="2">eczenas</subfield>
  </datafield>
  <datafield tag="650" ind1=" " ind2="0">
   <subfield code="a">Ridesharing</subfield>
   <subfield code="z">United States</subfield>
   <subfield code="v">Case studies.</subfield>
  </datafield>
  <datafield tag="650" ind1=" " ind2="0">
   <subfield code="a">Electric vehicles</subfield>
   <subfield code="z">United States</subfield>
   <subfield code="v">Case studies.</subfield>
  </datafield>
  <datafield tag="650" ind1=" " ind2="0">
   <subfield code="a">New business enterprises</subfield>
   <subfield code="x">Finance</subfield>
   <subfield code="v">Case studies.</subfield>
  </datafield>
  <datafield tag="650" ind1=" " ind2="0">
   <subfield code="a">Competition</subfield>
   <subfield code="z">United States</subfield>
   <subfield code="v">Case studies.</subfield>
  </datafield>
  <datafield tag="700" ind1="1" ind2=" ">
   <subfield code="a">Pond, Addison M.,</subfield>
   <subfield code="e">author.</subfield>
  </datafield>
  <datafield tag="830" ind1=" " ind2="0">
   <subfield code="a">SAGE Business Cases.</subfield>
  </datafield>
  <datafield tag="856" ind1="4" ind2="0">
   <subfield code="3">SAGE Knowledge</subfield>
   <subfield code="u">https://sk.sagepub.com/cases/evaluating-rise-electric-scooters-porters-five-forces-framework</subfield>
   <subfield code="y">Plný text</subfield>
  </datafield>
  <datafield tag="BAS" ind1=" " ind2=" ">
   <subfield code="a">SBC</subfield>
  </datafield>
  <datafield tag="BAS" ind1=" " ind2=" ">
   <subfield code="a">EB</subfield>
  </datafield>
  <datafield tag="993" ind1=" " ind2=" ">
   <subfield code="x">NEPOSILAT</subfield>
   <subfield code="y">EB</subfield>
  </datafield>
 </record>
</collection>
